| 000 | 00446nam a2200145Ia 4500 | ||
|---|---|---|---|
| 008 | 230917s9999||||xx |||||||||||||| ||und|| | ||
| 040 |
_e166799 _aMAIN |
||
| 041 | _aEnglish | ||
| 082 | _a891.437731 MS455B | ||
| 100 | _aमायूस, श्रीकृष्ण | ||
| 245 | 0 | _aभ्रष्टचार और हम | |
| 260 |
_aदिल्ली _bसरताज प्रकाशन _c1971 |
||
| 300 | _a178 पृ. p. | ||
| 942 | _cHN | ||
| 999 |
_c113310 _d113310 |
||